| 000 | 00523ntaaa2200193 4500 | ||
|---|---|---|---|
| 003 | 01 | ||
| 005 | 20251027201155.0 | ||
| 008 | 0714s1973 ag 01 | ||
| 040 |
_aAR-BaBN _bspa _cAR-BaBN _eaacr _dRIC |
||
| 082 | _a220.1 T72 | ||
| 100 |
_aTrent, Robbie _97242 |
||
| 245 |
_aHow the Bible came to us / _cRobbie Trent |
||
| 260 |
_aNashville : _bBroadman Press, _cc1964 |
||
| 300 | _a167 p. | ||
| 500 | _aBAJA PATRIMONIAL POR OBSOLESCENCIA 20190301 INV.002148 | ||
| 650 |
_aBiblia _9468 |
||
| 650 |
_aCanon _91876 |
||
| 942 | _cBK | ||
| 999 |
_c5999 _d5999 |
||